The United States merchant marine in national perspective /

Saved in:
Bibliographic Details
Main Author: Barker, James R.
Other Authors: Brandwein, Robert
Format: Book
Language:English
Published: Lexington, Mass. : Heath Lexington Books , [1970].
Subjects:
LEADER 00887nam a2200229 i 4500
001 c000250968
003 CARM
005 00000000000000.0
008 840313s1970 mau 0 eng d
019 1 |a 180229  |5 LACONCORD2021 
035 |a (OCoLC)105854  |5 LACONCORD2021 
082 0 4 |a 387.50973 
100 1 |a Barker, James R. 
245 1 4 |a The United States merchant marine in national perspective /  |c [by] James R. Barker [and] Robert Brandwein. 
260 |a Lexington, Mass. :  |b Heath Lexington Books ,  |c [1970]. 
300 |a 301 p. 
500 |a Bibliography: p.[283]-286. 
650 0 |a Merchant marine  |z United States. 
700 1 |a Brandwein, Robert. 
852 8 |b CARM  |h A1:AP14F0  |i C09137  |p 0373400  |f BK 
999 f f |i 8bf7b442-b072-5de0-9a1c-e6a6f0544037  |s 5569feed-5e84-5514-af9f-8ee6e445360f 
952 f f |p Can circulate  |a CAVAL  |b CAVAL  |c CAVAL  |d CARM 1 Store  |e C09137  |f A1:AP14F0  |h Other scheme  |i book  |m 0373400